Score 0/30 Timer 05:00
0 Plays Today
Hint True/ False % Correct
The Grinch has a dog named Max.

???
79.3%
In the film 'Elf', Buddy the Elf is played by Ben Stiller.???
72.3%
Santa Claus' Canadian postcode is H0H 0H0.???
71.7%

A white Christmas is statistically more likely in New York City than in London.

???
68.9%
In Iceland, children are visited with gifts on each of the 13 days prior to Christmas.

???
66.5%
'White Christmas' by Bing Crosby is the all time best selling single worldwide.???
63.4%
In Western Europe, the Yule Log is a Christmas dessert.???
63.1%
The 12 Days of Christmas begin on December 14th.???
62.5%
Bob the Builder achieved a Christmas Number 1 single in the UK.???
61%
Christmas cards were invented in the 19th Century.

???
60.7%
Brenda Lee was 13 years old when she recorded 'Rockin' Around the Christmas Tree'.???
60.4%
The original '12 Days of Christmas' lyrics involved four 'colly' birds rather than 'calling' birds.???
58.6%
In Japan, it is traditional to eat at KFC on Christmas Day.

???
57.9%
The abbreviation 'Xmas' comes from the Greek name for Christ, Χριστός.

???
57.6%
'Jingle Bells' was originally written as a Thanksgiving song.

???
57%
Hint True/ False % Correct
In 'The Muppet Christmas Carol', Ebenezer Scrooge is played by Statler.???
55.3%
Catalan nativity scenes typically feature a defecating peasant.???
53.1%
The first ever SMS text message was 'Merry Christmas'.

???
52.7%
Donner and Blitzen were originally known as Dunder and Blixem.???
52.1%
On the 8th day of Christmas my true love gave to me 8 Ladies Dancing.???
50.9%
Alabama was the first US state to recognize Christmas as a holiday.

???
50%
William Shakespeare was born on Christmas Day and died on Christmas Day.???
49.1%

'The Polar Express' was written by Robert L. May.

???
48.4%
Christmas Island was named after its discoverer, Sir James Christmas.

???
40.4%

Advent begins on December 1st.

???
38.5%
In Japan, Santa is known as Annual Gift Man and he lives on the Moon.

???
37.1%
The poinsettia is indigenous to Northern Africa.???
36.8%
Mistletoe has red berries.???
36.1%
The modern image of Santa Claus in a red suit was created by Coca-Cola.

???
30.2%
'The Nightmare Before Christmas' was directed by Tim Burton.
???
19.7%
Remove Ads.
Support Sporcle.
Get the best of Sporcle when you Go Orange. This ad-free experience offers more features, more stats, and more fun while also helping to support Sporcle. Thank you for becoming a member.

You're not logged in!

Compare scores with friends on all Sporcle quizzes.
OR
Log In

Sporcle TV

Today on Sporcle TV


Watch our educational content, quiz creation guides, and fun videos on Sporcle TV.

Show Comments

Extras

Top Quizzes Today


Score Distribution

Paid Content

Your Account Isn't Verified!

In order to create a playlist on Sporcle, you need to verify the email address you used during registration. Go to your Sporcle Settings to finish the process.

Report this User

Report this user for behavior that violates our Community Guidelines.

Details: